LEADER 01048nam2-22003131i-450- 001 990000185810403321 035 $a000018581 035 $aFED01000018581 035 $a(Aleph)000018581FED01 035 $a000018581 100 $a20011111d--------km-y0itay50------ba 101 0 $aita 105 $ay-------001yy 200 1 $a1. Band : Das Eisenbahn-Maschinenwesen derGegenwart / herausgegeben von Barkhausen...[e altri] : 1. Abschnitt : Die EisenbahnFahrzeuge : 2. Teil. 2. umgearb. Aufl. IX,928 p., 4 c. di tav. : ill. 210 $aWiesbaden$cC. W. Kreidel's$d1910- 215 $av.$d27 cm 461 0$1001000016002$12001$a<> Eisenbahn Technik der Gegenwart 610 0 $aCostruzioni ferroviarie 676 $a625.1 702 1$aAbt,$bRoman 702 1$aBarkhausen,$bGeorg 801 0$aIT$bUNINA$gRICA$2UNIMARC 901 $aBK 912 $a990000185810403321 952 $a13 N 52 16$b4371/1$fFINBC 959 $aFINBC 996 $a1. Band : Das Eisenbahn-Maschinenwesen derGegenwart$9122387 997 $aUNINA DB $aING01 LEADER 00904nam 2200337 450 001 9910677307503321 005 20231007214711.0 010 $a1-68367-235-6 035 $a(CKB)4100000010871232 035 $a(NjHacI)994100000010871232 035 $a(EXLCZ)994100000010871232 100 $a20231007d2014 uy 0 101 0 $aeng 135 $aur||||||||||| 181 $ctxt$2rdacontent 182 $cc$2rdamedia 183 $acr$2rdacarrier 200 10$aLegionella /$fReinhard Marre 210 1$aWashington, D.C. :$cJohn Wiley & Sons, Inc.,$d2014. 215 $a1 online resource (xiv, 444 pages) 311 $a1-119-73876-8 606 $aLegionella 615 0$aLegionella. 676 $a616.241 700 $aMarre$b Reinhard$01430435 801 0$bNjHacI 801 1$bNjHacl 906 $aBOOK 912 $a9910677307503321 996 $aLegionella$93570185 997 $aUNINA